Normal view
MARC view
- Religion and politics
Entry Topical Term
001 - CONTROL NUMBER
- control field: 35679
003 - CONTROL NUMBER IDENTIFIER
- control field: NUST
005 - DATE AND TIME OF LATEST TRANSACTION
- control field: 20210212150348.0
008 - FIXED-LENGTH DATA ELEMENTS
- fixed length control field: 210212|| aca||aabn | a|a d
040 ## - CATALOGING SOURCE
- Original cataloging agency: NUST
- Transcribing agency: NUST
150 ## - HEADING--TOPICAL TERM
- Topical term or geographic name entry element: Religion and politics
- Geographic subdivision: Pakistan
670 ## - SOURCE DATA FOUND
- Source citation: Work cat.: (NUST)0: 880-01 Nadīm, K̲h̲vurshīd Aḥmad, author. 35678, Samāj, riyāsat aur maz̲hab, mutabādil bayāniyah /
